Movies Quiz

Random Movies or Puzzle Quiz
Score 0/16 Timer 05:00
6 Plays Today
Hint Answer % Correct
Aliens
96%
Beetlejuice
96%
Splash
95.7%
Big
95.1%
Scarface
92%
Flashdance
89%
Bloodsport
86.9%
Ghostbusters
85.3%
Hint Answer % Correct
Spaceballs
84.9%
RoboCop
83.2%
Moonstruck
77.2%
Cocktail
74%
Hellraiser
71.9%
Annie
70.1%
Roxanne
69.6%
Willow
62.7%

You're not logged in!

Compare scores with friends on all Sporcle quizzes.
OR
Log In

Sporcle TV

Today on Sporcle TV


Watch our educational content, quiz creation guides, and fun videos on Sporcle TV.

Show Comments

Extras

Top Quizzes Today


Score Distribution

Paid Content

Your Account Isn't Verified!

In order to create a playlist on Sporcle, you need to verify the email address you used during registration. Go to your Sporcle Settings to finish the process.

Report this User

Report this user for behavior that violates our Community Guidelines.

Details: